Agenda política de reformas en Costa Rica Requerimientos necesarios en la implementación de los tratados de Libre Comercio
محفوظ في:
| المؤلف الرئيسي: | |
|---|---|
| مؤلفون آخرون: | |
| التنسيق: | كتاب |
| اللغة: | Spanish |
| سلاسل: | Documentos Político de Trabajo / Friedrich Ebert Stiftung
|
| الموضوعات: | |
| الوسوم: |
إضافة وسم
لا توجد وسوم, كن أول من يضع وسما على هذه التسجيلة!
|
MARC
| LEADER | 00000nam a22000007a 4500 | ||
|---|---|---|---|
| 003 | cru CIDCACS/IIS | ||
| 005 | 20230804062553.0 | ||
| 007 | ta | ||
| 008 | 170331b2006 cr ||||| |||| 00| 0 spa d | ||
| 020 | |a [sin ISBN] | ||
| 040 | |c CRAI/IIS |a CRAI/IIS | ||
| 090 | |a 04.03.02 M977e | ||
| 100 | 1 | |9 3825 |a Murillo R., Carlos | |
| 245 | |a Agenda política de reformas en Costa Rica |b Requerimientos necesarios en la implementación de los tratados de Libre Comercio | ||
| 300 | |a 43 páginas | ||
| 440 | |9 3826 |a Documentos Político de Trabajo / Friedrich Ebert Stiftung | ||
| 650 | 1 | 0 | |9 3827 |a PEQUEÑOS AGRICULTORES |
| 650 | 1 | 0 | |9 3828 |a PROPIEDAD INTELECTUAL |
| 650 | 1 | 0 | |a POLITICAS DE DESARROLLO |9 3369 |
| 650 | 1 | 0 | |a TRATADO DE LIBRE COMERCIO |9 3831 |
| 700 | 1 | |9 3832 |a Orozco, Jeffrey | |
| 942 | |2 ddc |c LI | ||
| 999 | |c 19112 |d 19112 | ||
